000 00702nam a2200253Ia 4500
008 170203s9999 xx 000 0 und d
020 _a1439103267
050 _a303.3
050 _b.C873l 2008
100 _aCovey, Stephen R.
245 4 _aThe Leader in Me :
245 _bhow schools and parents around the world are inspiring greatness, one child at a time /
245 _cStephen R. Covey
260 _aNew York :
260 _bFree Press,
260 _c2008
300 _a242 pages :
300 _bill. ;
300 _c24 cm.
650 _a Leadership
650 _aLeadership
650 _xStudy and teaching -- United States.
650 _xStudy and teaching (Elementary)
999 _c305431
_d305431